Normal view
MARC view
- جومسكي تقديم/جواد باقر,مرتضى مترجم/محمد علي,عبد الجابر مترجم/
Entry Personal Name
001 - CONTROL NUMBER
- control field: 15425
003 - CONTROL NUMBER IDENTIFIER
- control field: JO-AjAnu
005 - DATE AND TIME OF LATEST TRANSACTION
- control field: 20230606072748.0
008 - FIXED-LENGTH DATA ELEMENTS
- fixed length control field: 230606|| aca||aabn | a|a d
040 ## - CATALOGING SOURCE
- Original cataloging agency: JO-AjAnu
- Transcribing agency: JO-AjAnu
100 ## - HEADING--PERSONAL NAME
- Personal name: جومسكي تقديم/جواد باقر,مرتضى مترجم/محمد علي,عبد الجابر مترجم/
670 ## - SOURCE DATA FOUND
- Source citation: Work cat.: (JO-AjAnu)7922: جومسكي تقديم/جواد باقر,مرتضى مترجم/محمد علي,عبد الجابر مترجم/, author, محاضرات ودن: تأملات في اللغة